Ciudadela situada : los primeros ocho años de una niña autista /

Obra que presenta el relato de la señora Park, que da cuenta del proceso que vivieron ella, su esposo y sus tres hijos con el autismo de su pequeña Elly, desde la identificación de su conducta alterada hasta su lenta recuperación, pasando por los tratamiento médicos.

Guardado en:
Bibliografiske detaljer
Hovedforfatter: Park, Clara Clairborne (autor)
Format: Bog
Sprog:spansk
Udgivet: Madrid, España : Fondo de Cultura Económica, 1979, c1979
Serier:(Biblioteca de Psicología y Psicoanálisis FCE)
Fag:
Tags: Tilføj Tag
Ingen Tags, Vær først til at tagge denne postø!

MARC

LEADER 00000nam^a2200000^a^4500
001 000186790
005 20250521000000.0
009 20260310102237.001
020 |a 84-375-0172-5 
037 |a Acervo ITESO - Biblioteca 
041 |a ESP 
082 |a 616. 8982  |b PAR 
100 |a Park, Clara Clairborne  |e (autor) 
245 1 0 |a Ciudadela situada :  |b los primeros ocho años de una niña autista /  |c C.C. Park ; tr. por Benigno Sánchez. 
264 4 |a Madrid, España :  |b Fondo de Cultura Económica,  |c 1979, c1979 
300 |a 332 p. 
336 |a texto  |b txt  |2 rdacontenido 
337 |a sin mediación  |b n  |2 rdamedio 
338 |a volumen  |b nc  |2 rdasoporte 
440 1 |a (Biblioteca de Psicología y Psicoanálisis FCE) 
500 |a Traducción de: The Siege. The First Eight Years of an Autistic Child 
520 |a Obra que presenta el relato de la señora Park, que da cuenta del proceso que vivieron ella, su esposo y sus tres hijos con el autismo de su pequeña Elly, desde la identificación de su conducta alterada hasta su lenta recuperación, pasando por los tratamiento médicos. 
649 |a XX 
650 |a Niños -  |x Condiciones Psicológicas 
650 |a Niños -  |x Cuidado e Higiene 
650 |a Autismo 
650 |a Psicopatología 
650 |a Relaciones Familiares 
650 |a Relaciones Padres-Hijos 
650 |a Psicología Clínica 
910 |a Fondo Armando Suárez Gómez 
920 |a Impresos - Libros 
930 |a Fondos Especiales 
905 |a 111 
901 |a 0700002667  |b IT2  |c ESP  |u 20250521 
902 |a https://opac.biblio.iteso.mx/vufind/Record/000186790